000 00422pab a2200145 454500
008 180718b2006 xxu||||| |||| 00| 0 eng d
100 _aHarrald, John R.
245 _aAgility and discipline: critical success factors for disaster respopnse
260 _c2006
300 _ap.256-72.
362 _aMar
650 _aDisasters
773 _aAnnals of the American Academy of Political and Social Science
909 _a69218
999 _c69218
_d69218